Lecciones de derecho constitucional (Registro nro. 6874)

Detalles MARC
000 -LEADER
fixed length control field 01331 a2200217 4500
001 - CONTROL NUMBER
control field 60058
005 - DATE AND TIME OF LATEST TRANSACTION
control field 20260407155853.0
008 - FIXED-LENGTH DATA ELEMENTS--GENERAL INFORMATION
fixed length control field 260407a1995 arg spa d
003 - CONTROL NUMBER IDENTIFIER
control field AR-UNSa-BCEJYS
040 ## - CATALOGING SOURCE
Original cataloging agency AR-UNSa-BCEJYS
Language of cataloging spa
Transcribing agency AR-UNSa-BCEJYS
080 ## - UNIVERSAL DECIMAL CLASSIFICATION NUMBER
Universal Decimal Classification number 342
Common auxiliary subdivision Derecho constitucional (Derecho Público)
020 ## - INTERNATIONAL STANDARD BOOK NUMBER
International Standard Book Number 950-14-0831-0
041 ## - LANGUAGE CODE
Language code of text/sound track or separate title spa
100 1# - MAIN ENTRY--PERSONAL NAME
Personal name Quiroga Lavié, Humberto
245 10 - TITLE STATEMENT
Title Lecciones de derecho constitucional
264 #1 - PRODUCTION, PUBLICATION, DISTRIBUTION, MANUFACTURE, AND COPYRIGHT NOTICE
Place of production, publication, distribution, manufacture Buenos Aires :
Name of producer, publisher, distributor, manufacturer Ediciones Depalma
Date of production, publication, distribution, manufacture, or copyright notice 1995
300 ## - PHYSICAL DESCRIPTION
Extent xv, 264 p.
Dimensions 23 cm.
505 ## - FORMATTED CONTENTS NOTE
Formatted contents note 1. El concepto de constitución - 2. La constitución Argentina - 3. El poder constituyente - 4. La supremacía de la constitución - 5. El régimen constitucional argentino - 6. Formación de los órganos del estado - 7. Derecho federal - 8. El derecho constitucional internacional - 9. Recursos tributarios del estado federal - 10. El poder ejecutivo - 11. El poder legislativo - 12. Funciones del congreso - 13. Poder judicial federal - 14. La situación constitucional de las personas. El derecho de la libertad - 15. Los derechos individuales - 16. Los derechos sociales del trabajador - 17. Las garantías consagradas en la constitución - 18. La limitación de los derechos - 19. La crisis de la constitución.
590 ## - LOCAL NOTE (RLIN)
Local note niveau_biblio:m niveau_hierar:0
942 ## - ADDED ENTRY ELEMENTS (KOHA)
Koha item type
Existencias
Withdrawn status Lost status Damaged status Not for loan Home library Current library Shelving location Date acquired Total checkouts Full call number Barcode Date last seen Price effective from Koha item type
        Biblioteca Prof. Eusebio Cleto del Rey Biblioteca Prof. Eusebio Cleto del Rey   07/04/2026   342 Q8l L69870 07/04/2026 07/04/2026 Libro